Mansesteri - "Tampere II" - sanat - Statistics

Yleistilastot
  • Tätä visaa on pelattu 67 kertaa
  • Keskiarvotulos 137 / 473
Vastaustilastot
Vastaus % Oikein
76%
tampere
70%
helmi
63%
kaupunki
63%
mesta
63%
rakkain
61%
ei
57%
manse
57%
sillalla
56%
tammerkosken
56%
ja
54%
lauluni
54%
kun
50%
nääs
50%
ny
48%
raikaa
48%
yön
48%
loppuu
46%
on
46%
yönälkä
46%
kii
44%
koskaan
43%
mene
43%
riitä
43%
siitä
43%
vaakkoon
43%
kaakkoon
41%
mansest
41%
tipi-tipi-tii
41%
nupit
39%
sitä
39%
tääl
39%
vaan
39%
kääntyy
37%
se
37%
vaaan
37%
täällä
35%
vie
35%
en
31%
isiä
31%
jo
31%
hervanta
30%
isoo
30%
kaipaa
30%
laivamatkaa
30%
mitä
30%
onnikka
30%
viel
30%
kauppahallin
28%
kerjäläiset
28%
mustamakkara
28%
nyssellä
28%
pääsee
28%
perheellisiä
28%
portit
28%
samat
28%
äitiä
26%
hyvää
26%
mäkin
26%
mun
26%
nyt
26%
oon
26%
tuli
26%
ullan
26%
hämeenkadun
24%
kaupunkia
24%
makkaraperunat
24%
nollakolme
24%
otetaa
24%
popeda
24%
portilla
24%
revanssi
24%
tie
24%
busya
22%
dallaan
22%
elämä
22%
juti
22%
koti
22%
mäkinkulman
22%
mansesteri
22%
munki
22%
niin
22%
päällä
22%
safkaa
22%
siltaa
22%
terassit
22%
allamme
20%
gangsteritkin
20%
kolisee
20%
komeaa
20%
koskaha
20%
kummeli
20%
poika
20%
sydämes
20%
vaakon
20%
vaihtamaankaan
20%
ämmä
19%
harjun
19%
hopealinjaan
19%
jee
19%
munkit
19%
ostari
19%
raipe
19%
raitiotie
19%
tampereen
19%
alarannasta
17%
eli
17%
freakin'
17%
hakametsän
17%
helmee
17%
kautta
17%
kohta
17%
koskarin
17%
mist
17%
naiset
17%
parhaat
17%
pispalaa
17%
rannas
17%
yks
17%
95
15%
aina
15%
blockfest
15%
eput
15%
festari
15%
himaan
15%
juicelle
15%
kesän
15%
kohtalomme
15%
kohti
15%
lätkä
15%
mahtuu
15%
makein
15%
mielessä
15%
missä
15%
muistelee
15%
näsinkalliolla
15%
nostan
15%
rantaväylän
15%
reunalla
15%
rillit
15%
saa
15%
seinien
15%
suomen
15%
suosittelen
15%
tampereeseen
15%
tän
15%
tunneli
15%
tuopin
15%
epilään
13%
hotellin
13%
joka
13%
jokaista
13%
kulkee
13%
kunnes
13%
love
13%
meil
13%
morjesta
13%
muistan
13%
muutaki
13%
nainen
13%
niinku
13%
nostalgian
13%
palauttaa
13%
pienessä
13%
pipa
13%
puhutaa
13%
pultteriin
13%
rantaan
13%
ratinan
13%
rosendahlin
13%
rotvallin
13%
sekä
13%
sprayaus
13%
sunkin
13%
tulitikkutehtaalla
13%
uniklubi
13%
upgreidaus
13%
uudistunu
13%
vieressä
13%
arkea
11%
bussii
11%
elämisen
11%
hämmästyttävä
11%
hukkaan
11%
istun
11%
kaupungin
11%
keskustori
11%
koulukadulla
11%
kulmalta
11%
kutsuu
11%
lähiöt
11%
länsi-tampere
11%
läpi
11%
maailma
11%
maineensa
11%
manserockii
11%
mansesta
11%
näsijärvi
11%
oma
11%
palon
11%
penkille
11%
popedaa
11%
silti
11%
sydämeen
11%
taloo
11%
tesomalta
11%
tiäksää
11%
todellakin
11%
toista
11%
tsekkaan
11%
vankeja
11%
vastavirralta
11%
apua
9%
fiilistelen
9%
hallilla
9%
ikin
9%
katuu
9%
kerrataa
9%
kesällä
9%
koskipuistoon
9%
kunniaan
9%
kuuliaisen
9%
laulunki
9%
mies
9%
mistä
9%
näistä
9%
näköalatorni
9%
ois
9%
päässä
9%
perinteitä
9%
pyhäjärvi
9%
pyytämällä
9%
täälä
9%
toki
9%
väsään
9%
fiilisteleen
7%
mestoja
7%
minigolffimestarit
7%
oonki
7%
puiselle
7%
punasen
7%
pysyn
7%
rakkaita
7%
rillataan
7%
silalla
7%
tiilen
7%
tutustuun
7%
dissaa
6%
frangen
6%
heittaajista
6%
joskus
6%
kaikki
6%
katse
6%
muutteleen
6%
negative
6%
puheet
6%
simo
6%
spessuu
6%
sutki
6%
syrämmes
6%
täältäpäin
6%
tampere-video
6%
tarpeessa
6%
tehty
6%
terapian
6%
teräsbetonista
6%
arkeen
4%
eteen
4%
faktat
4%
itseltää
4%
jotain
4%
joten
4%
kieltä
4%
kiskoineen
4%
kukoistava
4%
kulttuuri
4%
lehtenä
4%
livenä
4%
messis
4%
nuera
4%
piristystyä
4%
soundii
4%
spraymaalista
4%
taide
4%
tallenteen
4%
vaunut
4%
grili
2%
porit
0%
tamåere
0%
Ehtoja vastaavia visoja ei löytynyt
Tulosjakauma
Jokaisen tuloksen saaneiden osuus
Persentiili vastausten määrän mukaan
Tuloshistoriasi
Et ole pelannut tätä visaa